000 00481nam a2200181Ia 4500
001 23464
005 20260414150939.0
008 260414t2016||||xx |||||||||||||| ||spa||
041 _aESP
082 _a650.01513
_bS25
100 _aSantana Viloria, Leonardo
_eAUT
245 0 _aMatemáticas financieras y valoración :
_bbajo estándares internacionales
260 _c2016
300 _a260 páginas :
_c28 cm.
650 _aGEN
654 _aCCO
942 _cLIB
_dJUS
_fJUS
_2ddc
_n
999 _c23464
_d23464